Memorias y nomadías: géneros y cuerpos en los márgenes del posfeminismo

Guardat en:
Dades bibliogràfiques
Autor principal: Forcinito, Ana (Autor)
Format: Llibre
Idioma:espanyol
Publicat: Santiago Cuarto Propio 2004
Edició:1a. ed
Matèries:
Etiquetes: Afegir etiqueta
Sense etiquetes, Sigues el primer a etiquetar aquest registre!

MARC

LEADER 00000nam a2200000 a 4500
001 UCK0036
003 CL-VaPUC
008 040910e20040000CL |||||||||||||||||spa|d
020 |a 9562603199 
082 0 4 |a 808.3  |b FOR  |2 21 
100 0 |a Forcinito, Ana  |e author  |9 487966 
245 1 0 |a Memorias y nomadías: géneros y cuerpos en los márgenes del posfeminismo 
250 |a 1a. ed 
300 |a 253 p 
942 |c BK 
945 |d 20040910 00:00:00  |a cmena 
260 |a Santiago  |b Cuarto Propio  |c 2004 
650 0 |a Géneros literarios   |9 311945 
650 0 |a Crítica e interpretación literaria  |9 266284 
650 0 |a Feminismo  |9 259085 
583 |a last modification  |c 20040910 00:00:00  |k Rodrigo Vera 
999 |c 310609  |d 310607 
952 |0 0  |1 0  |4 0  |6 808_300000000000000_FOR_2004  |7 0  |8 A  |9 379321  |a BIBEDU  |b BIBEDU  |d 2019-11-21  |i 4062418  |o 808.3 FOR 2004  |p 4062418  |r 2019-11-21  |w 2019-11-21  |y BK  |k LIT